| 000 | 00674nam a22002177a 4500 | ||
|---|---|---|---|
| 005 | 20240530110443.0 | ||
| 008 | 150214s2209 ua g 000 f ara d | ||
| 017 |
_a2007/22284 _bمصر دار الكتب المصرية |
||
| 020 | _a9771441523 | ||
| 040 | _aEG-CaGPL | ||
| 041 | 0 | _aara | |
| 082 | 0 | 4 |
_221 _a818.02\ _bع ش |
| 100 | 0 | _aعزت السعدنى | |
| 245 | 1 | 2 |
_aالشيطان يسكن المدينة / _cعزت السعدنى |
| 250 | _aط 3 | ||
| 260 |
_aالقاهرة : _bدار نهضة مصر ، _c2009 |
||
| 300 |
_a338 ص ؛ _c24 سم |
||
| 650 | 0 | 4 | _aالقصص العربية |
| 942 |
_2ddc _cBK |
||
| 999 |
_c61091 _d61091 |
||